000 00594nam a2200217Ia 4500
003 BUBTL
008 151213s9999 xx 000 0 und d
020 _a812390994-2
082 _a515.33
_bRAD
100 _aEr. Vikas Rahi
245 _aFundamental Of Differential Calculus
_cEr. Vikas Rahi
250 _a2nd
260 _aNew Delhi
_bCBS Publishers & Distributions
_c2006
300 _a[viii] , 373p . :
_b22cm .
650 _aMathematics
650 _aMathematics
700 _aEr. Vikas Rahi
856 _k0
_l0
_yDownload
942 _2ddc
_cBK
999 _c3352
_d3352